The central Nilo-Hamites, (Record no. 129285)
[ view plain ]
| 000 -LEADER | |
|---|---|
| fixed length control field | 00977cam a22003011 4500 |
| 001 - CONTROL NUMBER | |
| control field | 8854166 |
| 003 - CONTROL NUMBER IDENTIFIER | |
| control field | ARRUPE |
| 005 - DATE AND TIME OF LATEST TRANSACTION | |
| control field | 20190328112434.0 |
| 008 - FIXED-LENGTH DATA ELEMENTS--GENERAL INFORMATION | |
| fixed length control field | 760224s1953 enkab b 001 0 eng |
| 010 ## - LIBRARY OF CONGRESS CONTROL NUMBER | |
| LC control number | 54001756 |
| 015 ## - NATIONAL BIBLIOGRAPHY NUMBER | |
| National bibliography number | GB53-11730 |
| 035 ## - SYSTEM CONTROL NUMBER | |
| System control number | (OCoLC)2009544 |
| 040 ## - CATALOGING SOURCE | |
| Original cataloging agency | DLC |
| Transcribing agency | AzFU |
| Modifying agency | OCoLC |
| -- | Uk |
| -- | OCoLC |
| -- | DLC |
| 042 ## - AUTHENTICATION CODE | |
| Authentication code | premarc |
| 050 00 - LIBRARY OF CONGRESS CALL NUMBER | |
| Classification number | GN659.N5 |
| Item number | G8 |
| 082 ## - DEWEY DECIMAL CLASSIFICATION NUMBER | |
| Classification number | 572.9676 |
| 300 ## - PHYSICAL DESCRIPTION | |
| Other physical details | illus., maps (1 fold. col.) |
| Dimensions | 25 cm. |
| 100 1# - MAIN ENTRY--PERSONAL NAME | |
| Personal name | Gulliver, Pamela. |
| 9 (RLIN) | 45480 |
| 245 14 - TITLE STATEMENT | |
| Title | The central Nilo-Hamites, |
| Statement of responsibility, etc | by Pamela Gulliver and P.H. Gulliver. |
| 260 ## - PUBLICATION, DISTRIBUTION, ETC. (IMPRINT) | |
| Place of publication, distribution, etc | London, |
| Name of publisher, distributor, etc | International African Institute, |
| Date of publication, distribution, etc | 1953. |
| 300 ## - PHYSICAL DESCRIPTION | |
| Extent | viii, 106 p. ; |
| 440 #0 - SERIES STATEMENT/ADDED ENTRY--TITLE | |
| Title | Ethnographic survey of Africa: East central Africa, |
| Volume number/sequential designation | pt. 7 |
| 9 (RLIN) | 45481 |
| 500 ## - GENERAL NOTE | |
| General note | Re |
| 504 ## - BIBLIOGRAPHY, ETC. NOTE | |
| Bibliography, etc | Bibliography: p. 100-101. |
| 650 #0 - SUBJECT ADDED ENTRY--TOPICAL TERM | |
| Topical term or geographic name as entry element | Nilo-Hamitic peoples. |
| 9 (RLIN) | 17330 |
| 700 1# - ADDED ENTRY--PERSONAL NAME | |
| Personal name | Gulliver, P. H. |
| 9 (RLIN) | 38143 |
| 906 ## - LOCAL DATA ELEMENT F, LDF (RLIN) | |
| a | 7 |
| b | cbc |
| c | oclcrpl |
| d | u |
| e | ncip |
| f | 19 |
| g | y-gencatlg |
| 942 ## - ADDED ENTRY ELEMENTS (KOHA) | |
| Source of classification or shelving scheme | Library of Congress Classification |
| Koha item type | Monograph ( Printed materials) |
| Withdrawn status | Lost status | Source of classification or shelving scheme | Damaged status | Not for loan | Collection code | Home library | Current library | Shelving location | Date acquired | Total Checkouts | Full call number | Barcode | Date last seen | Price effective from | Koha item type |
|---|---|---|---|---|---|---|---|---|---|---|---|---|---|---|---|
| Library of Congress Classification | Main Collection | ARRUPE LIBRARY | ARRUPE LIBRARY | Main Collection | 28/03/2019 | GN659.N5 G8 | 46600004362 | 28/03/2019 | 28/03/2019 | Monograph ( Printed materials) |